[Event "Steinfurt Bezirksliga 1617"]
[Site "Germany"]
[Date "2016.10.22"]
[Round "2.8"]
[White "Hepe, Henning"]
[Black "Ortmeier, Peter"]
[Result "0-1"]
[WhiteElo "1206"]
[BlackElo "1591"]
[PlyCount "82"]
[EventDate "2016.09.24"]
[EventType "team"]
[EventRounds "9"]
[EventCountry "GER"]
[SourceTitle "EXT 2018"]
[Source "ChessBase"]
[SourceDate "2017.10.13"]
[SourceVersion "1"]
[SourceVersionDate "2017.10.13"]
[SourceQuality "1"]
[WhiteTeam "Steinfurt III"]
[BlackTeam "Emsdetten Rochade III"]
[WhiteTeamCountry "GER"]
[BlackTeamCountry "GER"]

1. e4 c5 2. Nf3 Nc6 3. Nc3 d6 4. Bb5 a6 5. Bxc6+ bxc6 6. d3 g6 7. Ne2 Bg7 8. c3 Nf6 9. Ng3 0-0 10. 0-0 Rb8 11. Rb1 Nd7 12. c4 Ne5 13. Nxe5 Bxe5 14. b3 Qa5 15. Bh6 Re8 16. Qe2 Qc7 17. f4 Bg7 18. Bxg7 Kxg7 19. f5 Bd7 20. Qg4 Kh8 21. Qh4 gxf5 22. Nxf5 f6 23. Qh6 Bxf5 24. Rxf5 Rg8 25. Rbf1 Rg6 26. Qh5 Rbg8 27. R1f2 Qa5 28. Qf3 Qc3 29. g3 a5 30. Qd1 Qd4 31. Kg2 Rg5 32. Rxg5 Rxg5 33. Qd2 Kg7 34. Rf3 d5 35. exd5 cxd5 36. Qxa5 Re5 37. Qc7 Re2+ 38. Kh3 Qb2 39. Qxc5 Rxh2+ 40. Kg4 h5+ 41. Kf5 Qe5# 0-1

[Event "Steinfurt Bezirksklasse 1516"]
[Site "Germany"]
[Date "2015.11.14"]
[Round "3.3"]
[White "Hepe, Henning"]
[Black "Hoppe, Nico"]
[Result "0-1"]
[WhiteElo "1193"]
[BlackElo "1581"]
[PlyCount "48"]
[EventDate "2015.09.05"]
[EventType "team-tourn"]
[EventRounds "9"]
[EventCountry "GER"]
[SourceTitle "EXT 2017"]
[Source "ChessBase"]
[SourceDate "2016.10.25"]
[SourceVersion "1"]
[SourceVersionDate "2016.10.25"]
[SourceQuality "1"]
[WhiteTeam "Steinfurt V"]
[BlackTeam "Emsdetten Rochade VI"]
[WhiteTeamCountry "GER"]
[BlackTeamCountry "GER"]

1. e4 d6 2. Nf3 g6 3. d4 Bg7 4. Bf4 Nd7 5. e5 Nb6 6. c3 e6 7. Nbd2 f6 8. Nc4 Nd5 9. Bg3 dxe5 10. dxe5 Nge7 11. exf6 Bxf6 12. Be5 Nc6 13. Bd3 Nxe5 14. Ncxe5 Bxe5 15. Nxe5 Qg5 16. Ng4 h5 17. c4 Nf4 18. h4 Nxg2+ 19. Kf1 Nxh4 20. Rxh4 Qxh4 21. Bxg6+ Ke7 22. Qd4 Qxg4 23. Qg7+ Kd6 24. Rd1+ Qxd1+ 0-1